000 00874nam a2200217Ii 4500
003 JO-AjNU
008 230605s9999||||xx |||||||||||||| ||und||
017 _a1996/7/977
040 _aJO-AjNU
_bara
_erda
_cJO-AjNU
041 _aara
050 1 4 _aKMM99.4.Z83.1997
100 3 _a كريم، زهير عباس ,
_eauthor
_946640
245 0 0 _aالنظام القانوني للشيك : دراسة فقهية قضائية مقارنة
250 _aط1
264 3 1 _aعمان : مكتبة دار الثقافة ، 1996
300 _a384ص
_bيشتمل على ملاحق ص (366 - 378 ) ويشتمل على مراجع عربية وأجنبية ص (384 - 388 )
336 _atext
_btxt
_2rdacontent
337 _aunmediated
_bn
_2rdamedia
338 _avolume
_bnc
_2rdacarrier
650 4 _aفقهية قضائية مقارنة -- العلوم الاجتماعية
_946641
999 _aA20306
_c23874
_d23874